| 000 | 00809nam a22002415i 4500 | ||
|---|---|---|---|
| 001 | 153592 | ||
| 003 | ES-MaACL | ||
| 005 | 20250629063132.0 | ||
| 008 | 050927m18011900fr a | |||||||| ||fre d | ||
| 040 |
_aCAM _bspa _cCAM |
||
| 100 | 1 |
_aDumas, Alexandre, _d1824-1895 _9241136 |
|
| 245 | 1 | 3 |
_aLa Dame aux camélias / _cpar Alexandre Dumas fils. |
| 260 |
_aParis : _b[s.n., _cs.a.] ( _fImprimerie Walder) |
||
| 300 |
_a90 p. : _bil. ; _c30 cm. |
||
| 594 | _aTit. y autor tomados de comienzo de texto. | ||
| 596 | _aEl imp. tomado de colofón. | ||
| 596 | _aEl imp. trabaja en el siglo XIX. | ||
| 597 | _aTexto a dos col. | ||
| 599 | _aLa il. en pag. 1. | ||
| 752 |
_aFrancia - _dParís |
||
| 852 |
_aES-MaACL _jC-2260(5) _z-- Enc. hol. _z-- Legado M. de la Fuente |
||
| 999 |
_c153592 _d153592 |
||